All in startup : launching a new idea when everything is on the line.
| Main Author: | |
|---|---|
| Format: | Book |
| Published: |
Hoboken, New Jersey:
Wiley,
2014.
|
| Subjects: |
| LEADER | 00484cam a2200157 7i4500 | ||
|---|---|---|---|
| 001 | 0000032238 | ||
| 005 | 20150527090000.0 | ||
| 020 | 0 | 0 | |a 9781118857663 |
| 090 | 0 | 0 | |a B 658.11 |b KAN |
| 100 | 1 | 0 | |a Kander, Diana |
| 245 | 1 | 0 | |a All in startup : |b launching a new idea when everything is on the line. |
| 260 | 0 | 0 | |a Hoboken, New Jersey: |b Wiley, |c 2014. |
| 300 | # | # | |a 284 pages. |
| 650 | 0 | 0 | |a Entrepreneurship |
| 650 | 0 | 0 | |a New business enterprises |
| 999 | |a B000036005 |b Book |c Book |e Business Information Centre | ||


